| 000 | 01303cam a22003497a 4500 | ||
|---|---|---|---|
| 001 | 15430323 | ||
| 003 | OSt | ||
| 005 | 20180116192408.0 | ||
| 008 | 080827s2008 enkabe | b 001 0 eng | ||
| 010 | _a 2008298707 | ||
| 015 |
_aGBA847903 _2bnb |
||
| 016 | 7 |
_a014566763 _2Uk |
|
| 020 | _a9780470319284 (hbk.) | ||
| 020 | _a0470319283 (hbk.) | ||
| 035 | _a(OCoLC)ocn209804685 | ||
| 040 |
_aUKM _cUKM _dBTCTA _dBAKER _dYDXCP _dBWKUK _dBWK _dBWX _dCDX _dOCLCA _dDLC |
||
| 042 | _alccopycat | ||
| 050 | 0 | 0 |
_aNA1545.6 _b.D45 2008 |
| 082 | 0 | 4 |
_a720.9510904 DEN 2008 _222 |
| 100 | 1 |
_aDenison, Edward. _91115 |
|
| 245 | 1 | 0 |
_aModernism in China : _barchitectural visions and revolutions / _cEdward Denison, Guang Yu Ren. |
| 260 |
_aChichester, England ; _aHoboken, NJ : _bJohn Wiley, _cc2008. |
||
| 300 |
_a336 p. : _bill. (some col.), maps, plans ; _c27 cm. |
||
| 504 | _aIncludes bibliographical references (p. 320-327) and index. | ||
| 650 | 0 |
_aArchitecture _zChina _xHistory _y20th century. _91116 |
|
| 650 | 0 |
_aArchitecture _zChina _xHistory _y21st century. _91117 |
|
| 700 | 1 |
_aRen, Guang Yu. _91118 |
|
| 906 |
_a7 _bcbc _ccopycat _d2 _encip _f20 _gy-gencatlg |
||
| 942 |
_2ddc _cBK |
||
| 999 |
_c353474 _d353474 |
||